Statistics for Countries by Overlapping Bordering Flags

Click here to take the quiz!

General Stats

  • This quiz has been taken 395 times
  • The average score is 10 of 16

Answer Stats

ImageCountry% Correct
Nepal
96%
Greece
86%
Chile
74%
Oman
72%
Finland
71%
Lebanon
68%
Cambodia
67%
Morocco
66%
Hungary
65%
Belgium
64%
Eswatini
64%
Guatemala
58%
Guyana
56%
South Sudan
48%
Ghana
44%
Turkmenistan
43%

Score Distribution

Percentile by Number Answered

Percent of People with Each Score

Your Score History

You have not taken this quiz